00317nam a2200121Ia 4500008004100000041000800041082000800049100005800057245002300115260003200138300000800170520001700178221007s9999 xx 000 0 und d aeng bIYE aIyengar Aarti - 2K101071 & Prof. Geeta Jadhav - Guide aAttrition Analysis c2012bPune UniversityaPune a74p aJadhav Geeta